000 00744cab a2200241 4500
001 ABS59259
008 090401t1998 xxu||||| |||| 00| 0 eng d
035 _a(Sirsi) u88634
041 _aeng
100 _aBingham, T.
245 _aAnd finally...
260 _c1998
350 _a0
490 _aBuilding
_v268(8035) 11 September 1998, 37(1)
520 _aExamines what happens when alleged design or material defects arise after the final certificate has been issued and the defects could not have been discovered beforehand.
650 _aBUILDING CONTRACT
650 _aCONTRACTORS
650 _aDEFECTS
650 _aFINAL CERTIFICATE
690 _aBUILT ENVIRONMENT-BUILDING PATHOLOGY
942 _n0
948 _c24/09/1998
999 _c56033
_d56033